Biggest Cities in California - Statistics

General Stats
  • This quiz has been taken 25 times
  • The average score is 7 of 10
Answer Stats
Hint Answer % Correct
1 Los Angeles
100%
4 San Francisco
100%
2 San Diego
95%
3 San Jose
86%
6 Sacramento
81%
8 Oakland
62%
9 Bakersfield
52%
5 Fresno
52%
10 Anaheim
48%
7 Long Beach
48%
No matching quizzes found
Score Distribution
Percent of People with Each Score
Percentile by Number Answered
Your Score History
You have not taken this quiz